[Event "16th Open"]
[Site "Abu Dhabi UAE"]
[Date "2006.08.19"]
[Round "7"]
[White "Jakovljevic,Vlado"]
[Black "Odeev,H"]
[Result "1/2-1/2"]
[WhiteElo "2414"]
[BlackElo "2492"]
[EventDate "2006.08.12"]

1. Nf3 Nf6 2. c4 e6 3. Nc3 Bb4 4. Qc2 O-O 5. g3 d5 6. a3 Bd6 7. cxd5 exd5
8. Nb5 Nc6 9. d3 Bg4 10. Bg2 Bxf3 11. Bxf3 a6 12. Nxd6 Nd4 13. Qc5 Nxf3+
14. exf3 cxd6 15. Qd4 Qe7+ 16. Be3 Qe5 17. O-O Qxd4 18. Bxd4 Nd7 19. Rfe1
Nb8 20. b4 Nc6 21. Bb2 Rfe8 22. f4 f6 23. f5 Kf7 24. f4 Re7 25. Kf2 Rc8 26.
Rac1 Rxe1 27. Kxe1 1/2-1/2

[Event "16th Open"]
[Site "Abu Dhabi UAE"]
[Date "2006.08.19"]
[Round "7"]
[White "Amin,B"]
[Black "Darban,M"]
[Result "1-0"]
[WhiteElo "2453"]
[BlackElo "2390"]
[EventDate "2006.08.12"]

1. e4 c5 2. Nf3 Nc6 3. d3 g6 4. g3 Bg7 5. Bg2 e5 6. O-O Nge7 7. c3 d6 8. a3
b6 9. b4 Ba6 10. Bb2 O-O 11. c4 Bb7 12. b5 Nd4 13. Nxd4 cxd4 14. a4 a5 15.
Nd2 f5 16. f4 fxe4 17. dxe4 Qd7 18. Qb3 Kh8 19. Ba3 Rac8 20. Rf2 Rf6 21.
Raf1 Rcf8 22. fxe5 Rxf2 23. Rxf2 Rxf2 24. Kxf2 Bxe5 25. Qd3 Ng8 26. Bb2 Qg7
27. Nb3 Nf6 28. Bf3 Nd7 29. Bxd4 Bxd4+ 30. Qxd4 Qxd4+ 31. Nxd4 Nc5 32. Nc6
Kg7 33. Ke3 Nxa4 34. Kd4 Nb2 35. Be2 a4 36. Kc3 a3 37. Kb3 Na4 38. Kxa3 Nc5
39. Bf3 Kf8 40. Kb4 Ke8 41. Kc3 Kd7 42. e5 dxe5 43. Nxe5+ Ke6 44. Nc6 Kd6
45. Nd4 Bc8 46. Bd5 g5 47. Kd2 h6 48. Ke3 Bd7 49. Bg8 Ke5 50. Nf3+ Kd6 51.
h4 gxh4 52. Nxh4 Bh3 53. Ng6 Nd7 54. Nf4 Bf5 55. Nd5 Kc5 56. Kf4 Bd3 57.
Ne3 Nf6 58. Bf7 Nh7 59. Ke5 Ng5 60. Bd5 1-0

[Event "16th Open"]
[Site "Abu Dhabi UAE"]
[Date "2006.08.19"]
[Round "7"]
[White "Lomineishvili,M"]
[Black "Sale,S"]
[Result "1-0"]
[WhiteElo "2380"]
[BlackElo "2438"]
[EventDate "2006.08.12"]

1. d4 Nf6 2. c4 e6 3. Nf3 c5 4. e3 d5 5. Nc3 Nc6 6. a3 Ne4 7. Bd3 Nxc3 8.
bxc3 dxc4 9. Bxc4 Be7 10. O-O O-O 11. e4 Qc7 12. Be3 b6 13. Qe2 Na5 14. Bd3
Bb7 15. Nd2 Rac8 16. e5 cxd4 17. cxd4 Rfd8 18. Qh5 g6 19. Qg4 Qc3 20. Be4
Rxd4 21. Bxd4 Qxd4 22. Rad1 Qxe5 23. Bxb7 Nxb7 24. Nf3 Qc7 25. Nd4 Nc5 26.
Rfe1 a6 27. Qf3 Bf8 28. h4 h5 29. Ne2 Qc6 30. Qg3 Qa4 31. Nf4 Ne4 32. Qf3
Nc3 33. Rd3 Bg7 34. Qb7 Rf8 35. g3 Qxa3 36. Rd7 Bh6 37. Nd3 Nd5 38. Ne5 Qc3
39. Re2 Qc1+ 40. Kg2 Qd1 41. Rxf7 Qxe2 42. Rxf8+ Bxf8 43. Qf7+ 1-0

[Event "16th Open"]
[Site "Abu Dhabi UAE"]
[Date "2006.08.19"]
[Round "7"]
[White "Pourkashiyan,A"]
[Black "Safarli,E"]
[Result "0-1"]
[WhiteElo "2298"]
[BlackElo "2421"]
[EventDate "2006.08.12"]

1. e4 c5 2. Nf3 d6 3. d4 cxd4 4. Nxd4 Nf6 5. Nc3 a6 6. Be2 e5 7. Nb3 Be7 8.
O-O O-O 9. Be3 Be6 10. f4 exf4 11. Rxf4 Nc6 12. Kh1 Rc8 13. Nd4 Ne5 14. Nf5
Bxf5 15. Rxf5 Qd7 16. Qf1 Qc6 17. Bg5 Rce8 18. Bd3 Nfg4 19. Nd5 Bxg5 20.
Rxg5 h6 21. Rf5 Ng6 22. Rd1 N4e5 23. Rh5 Qc8 24. Ne3 Nxd3 25. cxd3 Re5 26.
Qf3 Qe6 27. b3 Ne7 28. Rf1 Rxh5 29. Qxh5 Qe5 30. Qf3 Qb2 31. Qg3 Qxa2 32.
Qxd6 Ng6 33. Qd5 Qe2 34. Qd4 Nh4 35. Rg1 Re8 36. Nd5 Qg4 37. Qf2 Qg5 38.
Rf1 f6 39. h3 Kh8 40. b4 Ng6 41. Qc2 Ne5 42. Kh2 Qh4 43. Qd2 Rc8 44. Rf4
Qg5 45. Qe2 Nc6 46. Rf5 Nd4 47. Rxg5 Nxe2 48. Rf5 Nd4 49. Rf2 Rc1 50. Rd2
Rb1 51. Kg3 Nc6 52. d4 Kg8 53. Kf4 Nxb4 54. Nxb4 Rxb4 55. d5 Kf7 56. Rc2 g6
57. Rc7+ Ke8 58. Rg7 g5+ 59. Kf5 a5 60. Kxf6 Rb6+ 61. Kf5 a4 62. Rc7 a3 63.
Rc2 Ra6 64. Ra2 b5 65. d6 b4 66. Rc2 Kd7 67. e5 a2 68. Rc7+ Kd8 69. e6 Rxd6
70. Ra7 b3 71. Ra8+ Ke7 72. Ra7+ Ke8 73. Ke5 Rd1 74. Ra8+ Ke7 75. Ra7+ Ke8
76. Ra8+ Rd8 77. Ra7 b2 78. e7 a1=Q 0-1

[Event "16th Open"]
[Site "Abu Dhabi UAE"]
[Date "2006.08.19"]
[Round "7"]
[White "Bakre,T"]
[Black "Khader,S"]
[Result "0-1"]
[WhiteElo "2454"]
[BlackElo "2384"]
[EventDate "2006.08.12"]

1. d4 d5 2. Nf3 e6 3. Nc3 Nf6 4. Bg5 Bb4 5. Qd3 c5 6. dxc5 Nbd7 7. a3 Bxc5
8. e4 Qb6 9. exd5 Bxf2+ 10. Ke2 O-O 11. Na4 Qa5 12. Kxf2 Qxa4 13. dxe6 fxe6
14. Qc4 Ne4+ 15. Ke3 Rxf3+ 16. Kxe4 b5 17. b3 Bb7+ 18. Kd4 Qa6 0-1

[Event "16th Open"]
[Site "Abu Dhabi UAE"]
[Date "2006.08.19"]
[Round "7"]
[White "Alavi,S"]
[Black "Kayumov,S"]
[Result "1-0"]
[WhiteElo "2314"]
[BlackElo "2435"]
[EventDate "2006.08.12"]

1. e4 e5 2. Nf3 Nc6 3. Nc3 Nf6 4. Bb5 Bd6 5. d3 h6 6. h3 a6 7. Bc4 Na5 8.
a3 Nxc4 9. dxc4 Bc5 10. Nxe5 Qe7 11. Ng4 Nxe4 12. Nd5 Nxf2+ 13. Nxe7 Nxd1
14. Nd5 h5 15. Kxd1 hxg4 16. Nxc7+ Kd8 17. Nxa8 b5 18. b4 Ba7 19. Bf4 Bb7
20. Nc7 Bxg2 21. Rh2 gxh3 22. cxb5 axb5 23. Kd2 Rh5 24. Re1 d6 25. Ne8 Rd5+
26. Kc1 Rf5 27. Bxd6 Bf2 28. Nxg7 Rd5 29. Re2 Bg1 30. Rhxg2 hxg2 31. Rxg2
Be3+ 32. Kb2 Rxd6 33. Nf5 Re6 34. Nxe3 Rxe3 35. Rg5 Rf3 36. Rxb5 Kc7 37. a4
Kc6 38. Rc5+ Kb6 39. a5+ Kb7 40. b5 Rf4 41. Kb3 f5 42. Rc6 Rf1 43. Kc4 f4
44. a6+ Kb8 45. b6 1-0

[Event "16th Open"]
[Site "Abu Dhabi UAE"]
[Date "2006.08.19"]
[Round "7"]
[White "Lodhi,M"]
[Black "Samhouri,A"]
[Result "1-0"]
[WhiteElo "2360"]
[BlackElo "2294"]
[EventDate "2006.08.12"]

1. d4 d5 2. Nf3 Nf6 3. g3 Bg4 4. Ne5 Bh5 5. Bg2 e6 6. O-O Nbd7 7. c4 c6 8.
Nc3 Nxe5 9. dxe5 Nd7 10. cxd5 cxd5 11. f4 Bc5+ 12. Kh1 O-O 13. h3 Bg6 14.
e4 dxe4 15. Nxe4 Rc8 16. Bd2 Be7 17. Bc3 Nb6 18. Nd6 Bxd6 19. Qxd6 Qxd6 20.
exd6 Nc4 21. Bxb7 Rb8 22. Bf3 Nxd6 23. Be5 Rbd8 24. Bxd6 Rxd6 25. Rfd1 Rfd8
26. Rxd6 Rxd6 27. Rd1 Rxd1+ 28. Bxd1 Kf8 29. Kg2 Ke7 30. Kf3 Kd6 31. Ke3
Kc5 32. Be2 Bb1 33. a3 h6 34. b4+ Kd5 35. a4 Ba2 36. h4 e5 37. fxe5 Kxe5
38. a5 Kd5 39. b5 Kd6 40. Kd4 Bd5 41. Bc4 Bxc4 42. Kxc4 g5 43. hxg5 hxg5
44. g4 f6 45. Kd4 Ke6 46. b6 axb6 47. a6 1-0

[Event "16th Open"]
[Site "Abu Dhabi UAE"]
[Date "2006.08.19"]
[Round "7"]
[White "Lalith,B"]
[Black "Nezad,H"]
[Result "1-0"]
[WhiteElo "2297"]
[BlackElo "2320"]
[EventDate "2006.08.12"]

1. Nf3 d5 2. d4 Nf6 3. c4 e6 4. Nc3 Be7 5. Bg5 Nbd7 6. e3 O-O 7. Rc1 dxc4
8. Bxc4 a6 9. O-O b5 10. Be2 Bb7 11. a4 b4 12. Nb1 c5 13. Nbd2 cxd4 14.
Nxd4 Qa5 15. Bh4 Nc5 16. Bf3 Qb6 17. Nc4 Qa7 18. Na5 Bxf3 19. Qxf3 Nd3 20.
Nac6 Qb7 21. Nxe7+ Qxe7 22. Nc6 Qc7 23. Bxf6 gxf6 24. Qxf6 Rfe8 25. Rc4 1-0

[Event "16th Open"]
[Site "Abu Dhabi UAE"]
[Date "2006.08.19"]
[Round "7"]
[White "Aswin,J"]
[Black "Bistric,F"]
[Result "1/2-1/2"]
[WhiteElo "2221"]
[BlackElo "2426"]
[EventDate "2006.08.12"]

1. e4 c5 2. Nf3 e6 3. d4 cxd4 4. Nxd4 Nf6 5. Nc3 d6 6. Be3 a6 7. f3 b5 8.
g4 Bb7 9. Qd2 Be7 10. O-O-O Nfd7 11. g5 Nb6 12. Ndxb5 axb5 13. Qd4 Bxg5 14.
f4 Bf6 15. Qxb6 Qxb6 16. Bxb6 Bxc3 17. bxc3 Bxe4 18. Bxb5+ Ke7 19. Rhe1 f5
20. a4 Rc8 21. Kb2 Nc6 22. c4 Na5 23. c5 Nb7 24. Rxe4 fxe4 25. c6 Na5 26.
c7 d5 27. Ka3 Kd6 28. c4 Nxc4+ 29. Bxc4 Kc6 30. a5 dxc4 31. Kb4 Rf8 32.
Kxc4 Rac8 33. Rd8 Kb7 34. Kd4 Rxf4 35. a6+ Kxa6 36. Rxc8 Kxb6 37. Rg8 Kxc7
38. Rxg7+ Kd6 39. Rxh7 e5+ 40. Ke3 Rg4 1/2-1/2

[Event "16th Open"]
[Site "Abu Dhabi UAE"]
[Date "2006.08.19"]
[Round "7"]
[White "Ahmed,I"]
[Black "Hassan,Ab"]
[Result "1/2-1/2"]
[WhiteElo "2113"]
[BlackElo "2365"]
[EventDate "2006.08.12"]

1. e4 e6 2. d4 d5 3. exd5 exd5 4. Nf3 Nc6 5. Bb5 a6 6. Ba4 b5 7. Bb3 Na5 8.
O-O Nxb3 9. axb3 Bd6 10. c4 dxc4 11. bxc4 bxc4 12. Nbd2 Ne7 13. Nxc4 O-O
14. h3 Bb7 15. Nfe5 f6 16. Ng4 Bd5 17. b3 Bf7 18. Nxd6 Qxd6 19. Ba3 Qd7 20.
Re1 Rfe8 21. Bc5 Nd5 22. b4 Qb5 23. Qf3 Rxe1+ 24. Rxe1 Re8 1/2-1/2

[Event "16th Open"]
[Site "Abu Dhabi UAE"]
[Date "2006.08.19"]
[Round "7"]
[White "Mahmoody,M"]
[Black "Amanov,M"]
[Result "1-0"]
[WhiteElo "2242"]
[BlackElo "2372"]
[EventDate "2006.08.12"]

1. d4 Nf6 2. Nf3 e6 3. g3 b6 4. Bg2 Bb7 5. c4 Bb4+ 6. Nbd2 O-O 7. O-O d5 8.
a3 Be7 9. Ne5 Nbd7 10. f4 c5 11. e3 Qc7 12. cxd5 Bxd5 13. Ndf3 Qb7 14. b3
cxd4 15. exd4 Rac8 16. Bb2 h6 17. Bh3 Be4 18. Rf2 Rc7 19. Nd2 Bd5 20. Nec4
Ne4 21. Nxe4 Bxe4 22. f5 exf5 23. Bxf5 Bxf5 24. Rxf5 b5 25. Ne3 Nf6 26. Qd3
a6 27. b4 g6 28. Rf2 Qe4 29. Qb3 Nh7 30. Rf4 Qb7 31. d5 Bg5 32. Rf2 Qb6 33.
Ng4 h5 34. Ne5 Be3 35. Raf1 Ng5 36. Kg2 Bxf2 37. Rxf2 Re8 38. Qd3 Qd6 39.
h4 Nh7 40. Qd4 Rxe5 41. Qxe5 Qxe5 42. Bxe5 Rd7 43. Rd2 f6 44. Bb8 Rb7 45.
Bf4 Nf8 46. Kf3 Kf7 47. Rc2 Nd7 48. Ke4 Ra7 49. Be3 f5+ 50. Kf4 Rb7 51. Bd4
Rb8 52. Rc7 Ke7 53. Rc6 a5 54. Rxg6 axb4 55. axb4 Rc8 56. Rc6 Rg8 57. Bc5+
Kd8 58. Kxf5 Rxg3 59. Rh6 Rf3+ 60. Ke6 Kc7 61. Bd6+ 1-0

[Event "16th Open"]
[Site "Abu Dhabi UAE"]
[Date "2006.08.19"]
[Round "7"]
[White "Motoc,A"]
[Black "Qaddara,A"]
[Result "1-0"]
[WhiteElo "2309"]
[BlackElo "2243"]
[EventDate "2006.08.12"]

1. d4 Nf6 2. c4 e6 3. Nc3 Bb4 4. e3 b6 5. Nge2 O-O 6. a3 Bxc3+ 7. Nxc3 Bb7
8. b4 d5 9. cxd5 exd5 10. Bd3 Nbd7 11. Bb2 Ne4 12. O-O Qg5 13. Rc1 Nd6 14.
Qf3 a6 15. b5 Nf6 16. a4 Nde4 17. Qe2 axb5 18. Bxb5 Rfc8 19. Nxe4 dxe4 20.
Qc2 Qf5 21. Qb3 Bd5 22. Qb4 Qe6 23. Ra1 h5 24. h3 g6 25. Rfc1 h4 26. Ba3
Kg7 27. Rc3 Bb7 28. Rc2 Bd5 29. Rac1 c6 30. Be2 Bb3 31. Rb2 Bxa4 32. Qxb6
Bb5 33. Qc5 Bxe2 34. Rxe2 Qb3 35. Bb2 Ra2 36. Rcc2 Nd5 37. Qd6 Kh7 38. Qd7
Rc7 39. Qg4 Kg8 40. Qxe4 Rc8 41. Qxh4 Nc3 42. Red2 Na4 43. d5 Rxb2 44. Rxb2
Nxb2 45. dxc6 Qb6 46. Qf6 Nc4 47. Rd7 Qb1+ 48. Kh2 Qf5 49. Qh4 Qe6 50. Rd8+
Rxd8 51. Qxd8+ Kg7 52. Qd4+ Kf8 53. Qd8+ Kg7 54. Qd4+ f6 55. Qd7+ Qf7 56.
h4 Nb6 57. Qb7 Nd5 58. e4 Nc7 59. Qc8 Qe7 60. f4 Kf7 61. Qh8 Ne8 62. h5
Qxe4 63. Qh7+ Kf8 64. Qh8+ Ke7 65. Qh7+ Kd6 66. Qd7+ Kc5 67. Qa7+ Kd5 68.
Qa5+ Ke6 69. Qa2+ Kf5 70. Qa5+ Kxf4 71. h6 Kg4 72. h7 Qf4+ 73. Kg1 Qe3+ 74.
Kf1 Qd3+ 75. Ke1 Qg3+ 76. Kd1 Qb3+ 77. Kc1 Qe3+ 78. Kb1 Qe4+ 79. Kb2 Qe2+
80. Ka3 Qe3+ 81. Ka4 Qh6 82. c7 Nxc7 83. Qxc7 1-0

[Event "16th Open"]
[Site "Abu Dhabi UAE"]
[Date "2006.08.19"]
[Round "7"]
[White "Himdan,M"]
[Black "Mamedjarova,T"]
[Result "0-1"]
[WhiteElo "2282"]
[BlackElo "2241"]
[EventDate "2006.08.12"]

1. e4 e5 2. Nf3 Nf6 3. Nc3 Bb4 4. Nxe5 O-O 5. Be2 Re8 6. Nd3 Bxc3 7. dxc3
Nxe4 8. O-O d5 9. f3 Nd6 10. Re1 Bf5 11. Bf1 Nd7 12. Rxe8+ Qxe8 13. Bf4 Qe6
14. Qe1 Qf6 15. Qg3 Nc4 16. Bg5 Qb6+ 17. Qf2 Bxd3 18. cxd3 Nce5 19. d4 Ng6
20. Re1 h6 21. Bc1 Qc6 22. Bd3 Ngf8 23. Qh4 Qf6 24. Qg3 Ne6 25. f4 c5 26.
f5 Nef8 27. Be3 c4 28. Bc2 Re8 29. Kf2 Re6 30. h4 Rb6 31. Bc1 Kh8 0-1

[Event "16th Open"]
[Site "Abu Dhabi UAE"]
[Date "2006.08.19"]
[Round "7"]
[White "El Arousy,A"]
[Black "Coleman,J"]
[Result "1-0"]
[WhiteElo "2352"]
[BlackElo "2188"]
[EventDate "2006.08.12"]

1. d4 d5 2. c4 c6 3. Nf3 Nf6 4. Qc2 g6 5. cxd5 cxd5 6. Nc3 Nc6 7. Bf4 Bg7
8. e3 O-O 9. Be2 a6 10. Ne5 Nxe5 11. Bxe5 Ne8 12. Bg3 e6 13. O-O Bd7 14.
Qb3 Bc6 15. Na4 Bxa4 16. Qxa4 Nd6 17. Qb4 Ne4 18. Qxb7 Nxg3 19. hxg3 Qa5
20. b3 Rfb8 21. Qd7 Rc8 22. Rfc1 Rxc1+ 23. Rxc1 Qd2 24. Qc6 Rb8 25. Qc7 Bf8
26. Rc2 Qe1+ 27. Kh2 Ra8 28. Qc6 Rd8 29. Bxa6 Rd6 30. Qe8 Rxa6 31. Rc8 Qb4
32. Rc7 Kg7 33. Qxf7+ Kh6 34. Qxh7+ Kg5 35. Qh4+ Kf5 36. Rf7+ 1-0

[Event "16th Open"]
[Site "Abu Dhabi UAE"]
[Date "2006.08.19"]
[Round "7"]
[White "Schacht,H"]
[Black "Ibrahim,I UAE"]
[Result "1/2-1/2"]
[WhiteElo "2254"]
[BlackElo "2133"]
[EventDate "2006.08.12"]

1. d4 d5 2. c4 c6 3. Nf3 e6 4. cxd5 cxd5 5. Nc3 Nf6 6. Bf4 Nc6 7. e3 Nh5 8.
Bg5 Qb6 9. Qd2 h6 10. Bh4 g5 11. Bg3 Nxg3 12. hxg3 Bg7 13. Be2 Bd7 14. Na4
Qb4 15. Nc5 O-O-O 16. Rc1 Qxd2+ 17. Kxd2 Kb8 18. Bb5 Kc7 19. Rc3 Rc8 20.
Rhc1 g4 21. Ne5 Bxe5 22. dxe5 h5 23. b4 f6 24. exf6 Rhf8 25. Bxc6 bxc6 26.
b5 Rxf6 27. Ke1 e5 28. Nd3 d4 29. exd4 exd4 30. Rc5 Kb6 31. Ne5 Be8 32. f4
gxf3 33. gxf3 a6 34. bxc6 Bxc6 35. Kd2 Rd6 36. g4 h4 37. f4 h3 38. g5 h2
39. Nxc6 h1=Q 40. Rxh1 Kxc5 41. Ne7 Re8 42. Nf5 Rd5 43. Ng3 Re3 44. Rg1 Rf3
45. f5 d3 46. g6 Rd8 47. g7 Rg8 48. Ne4+ Kc6 49. Nf6 Rxg7 50. Rxg7 Rxf5 51.
Ne4 Kd5 52. Rd7+ Kxe4 1/2-1/2

[Event "16th Open"]
[Site "Abu Dhabi UAE"]
[Date "2006.08.19"]
[Round "7"]
[White "Marwan,A"]
[Black "Nadig,K"]
[Result "1-0"]
[WhiteElo "2033"]
[BlackElo "2226"]
[EventDate "2006.08.12"]

1. e4 e5 2. Nf3 Nc6 3. Bb5 a6 4. Ba4 Nf6 5. Qe2 b5 6. Bb3 Bc5 7. c3 d6 8.
d3 O-O 9. Bg5 Be6 10. Bc2 Rb8 11. Nbd2 Qe7 12. b4 Bb6 13. a4 h6 14. Bh4 Bd7
15. Nf1 Nd8 16. Ne3 g5 17. Nxg5 hxg5 18. Bxg5 Qe6 19. Nf5 Re8 20. h4 Nh7
21. Qg4 Qg6 22. Rh3 Kh8 23. Qf3 f6 24. Bd2 Qf7 25. Rg3 Bxf5 26. Qxf5 Nc6
27. a5 Ba7 28. Ra3 Qe6 29. Bh6 Qxf5 30. Bg7+ Kg8 31. exf5 Kf7 32. Bh6 Rh8
33. Rg7+ Ke8 34. Rxc7 Ne7 35. Rxa7 Nxf5 36. d4 Nxh6 37. Bxh7 Kd8 38. dxe5
Re8 39. Ra2 Rxe5+ 40. Re2 Rc8 41. Rxa6 Rxe2+ 42. Kxe2 Ke7 43. Kd2 Ng4 44.
Bf5 Rc4 45. Ra7+ Kf8 46. Bxg4 1-0

[Event "16th Open"]
[Site "Abu Dhabi UAE"]
[Date "2006.08.20"]
[Round "8"]
[White "Anastasian,A"]
[Black "Mamedov,Rau"]
[Result "1-0"]
[WhiteElo "2566"]
[BlackElo "2561"]
[EventDate "2006.08.12"]

1. d4 Nf6 2. c4 g6 3. Nc3 Bg7 4. Nf3 d6 5. g3 O-O 6. Bg2 Nbd7 7. O-O e5 8.
e4 a6 9. h3 exd4 10. Nxd4 Re8 11. Re1 Rb8 12. a4 Ne5 13. b3 c5 14. Nde2 Be6
15. Be3 Qb6 16. g4 Nc6 17. Rb1 Rbd8 18. f4 d5 19. cxd5 Bxd5 20. exd5 Rxe3
21. Qc1 c4 22. bxc4 Qa7 23. Kh2 Na5 24. g5 Nh5 25. Ne4 Re8 26. N2g3 Nxc4
27. Rxe3 Nxe3 28. Nxh5 gxh5 29. Qc5 Qxc5 30. Nxc5 Rc8 31. d6 Bf8 32. d7 Rd8
33. Ne4 b5 34. axb5 axb5 35. Rxb5 Kg7 36. Nf6 h6 37. Bc6 hxg5 38. fxg5 Be7
39. Re5 Nd5 40. Rxd5 1-0

[Event "16th Open"]
[Site "Abu Dhabi UAE"]
[Date "2006.08.20"]
[Round "8"]
[White "Miroshnichenko,E"]
[Black "Fedorov,Alex"]
[Result "1-0"]
[WhiteElo "2616"]
[BlackElo "2617"]
[EventDate "2006.08.12"]

1. Nf3 Nf6 2. c4 g6 3. Nc3 Bg7 4. d4 d6 5. e4 O-O 6. h3 e5 7. d5 a5 8. Bg5
Na6 9. Nd2 Qe8 10. Be2 Bd7 11. g4 Kh8 12. Nf1 c6 13. Ng3 cxd5 14. cxd5 b5
15. h4 b4 16. Nb1 Nc5 17. Nd2 Bb5 18. h5 Ng8 19. Be3 Qd7 20. Bxc5 dxc5 21.
g5 Rfb8 22. Rc1 Bf8 23. Bxb5 Rxb5 24. Nc4 Bd6 25. Qf3 Rf8 26. Ke2 Rb7 27.
Rh2 Qb5 28. Qd3 Be7 29. hxg6 fxg6 30. Nxe5 Qe8 31. Qa6 1-0

[Event "16th Open"]
[Site "Abu Dhabi UAE"]
[Date "2006.08.20"]
[Round "8"]
[White "Allahverdiev,A"]
[Black "Azarov,S"]
[Result "0-1"]
[WhiteElo "2435"]
[BlackElo "2579"]
[EventDate "2006.08.12"]

1. e4 c5 2. Nf3 d6 3. Bb5+ Nd7 4. d4 Ngf6 5. Nc3 a6 6. Bxd7+ Nxd7 7. O-O e6
8. Bg5 Qc7 9. Re1 h6 10. Bh4 g5 11. Bg3 cxd4 12. Qxd4 f6 13. Rad1 Ne5 14.
Qe3 Bd7 15. Rd4 Be7 16. Red1 Bc6 17. a4 Kf7 18. Qe2 Rac8 19. R4d2 Be8 20.
Nd4 Qc4 21. Qe3 b5 22. axb5 axb5 23. f4 gxf4 24. Qxf4 Ng6 25. Qf3 h5 26.
Rf1 Ne5 27. Qd1 b4 28. Nce2 h4 29. Bf2 h3 30. gxh3 Bc6 31. b3 Qa6 32. Nf4
Bxe4 33. Bg3 Rcg8 34. Ndxe6 Qb6+ 35. Nd4 d5 36. Rdf2 Bc5 37. Nfe6 Qxe6 38.
Nxe6 Rxh3 0-1

[Event "16th Open"]
[Site "Abu Dhabi UAE"]
[Date "2006.08.20"]
[Round "8"]
[White "Safarli,E"]
[Black "Grigoriants,S RUS"]
[Result "0-1"]
[WhiteElo "2421"]
[BlackElo "2579"]
[EventDate "2006.08.12"]

1. e4 c5 2. Nf3 Nc6 3. Nc3 d6 4. d4 cxd4 5. Nxd4 Nf6 6. Bg5 e6 7. Qd2 a6 8.
O-O-O h6 9. Bf4 Bd7 10. Nxc6 Bxc6 11. Qe1 Qa5 12. Kb1 Be7 13. f3 Qc7 14. e5
dxe5 15. Bxe5 Qb6 16. Bc4 O-O 17. Bd4 Qc7 18. Be5 Qc8 19. Qg3 Nh5 20. Qh3
Nf6 21. Rhe1 Rd8 22. Bb3 Rxd1+ 23. Rxd1 b5 24. Ne2 a5 25. c3 b4 26. cxb4
axb4 27. Nf4 Ba4 28. Rc1 Qa6 29. Bc4 Bb5 30. Bb3 Bd3+ 31. Ka1 Bc2 0-1

[Event "16th Open"]
[Site "Abu Dhabi UAE"]
[Date "2006.08.20"]
[Round "8"]
[White "Goloshchapov,A"]
[Black "Amin,B"]
[Result "1-0"]
[WhiteElo "2558"]
[BlackElo "2453"]
[EventDate "2006.08.12"]

1. d4 f5 2. c4 e6 3. g3 Nf6 4. Bg2 Be7 5. Nf3 d6 6. O-O O-O 7. Nc3 Qe8 8.
Qc2 Qg6 9. b3 Ne4 10. Ba3 Bf6 11. Rad1 Nc6 12. Nb5 Rf7 13. d5 Nd8 14. Nd2
a6 15. Nxe4 axb5 16. Nxf6+ Qxf6 17. Bb2 e5 18. f4 Rxa2 19. Qb1 Ra6 20. e4
bxc4 21. bxc4 b6 22. g4 g6 23. Kh1 Rg7 24. fxe5 dxe5 25. exf5 gxf5 26. gxf5
Nf7 27. Rde1 Bd7 28. Bc3 Ra8 29. Qb2 Re8 30. Re3 Rg5 31. Be4 Nd6 32. Bd3
Bxf5 33. Bxf5 Nxf5 34. Ref3 Qg6 35. Qf2 Rf8 36. Bxe5 Rf7 37. Bf4 Rg4 38.
Bxc7 Rxc7 39. Rxf5 h5 40. h3 Rg3 41. Rxh5 Qxh5 42. Qxg3+ Rg7 43. Qf3 Qh4
44. Qf8+ Kh7 45. Qf5+ Kh8 46. Ra1 Rf7 47. Qxf7 Qxh3+ 48. Kg1 Qg4+ 49. Kh2
Qh4+ 50. Kg2 Qg4+ 51. Kh2 Qh4+ 52. Kg2 Qg4+ 53. Kf2 Qd4+ 54. Kf3 Qxa1 55.
Qf8+ Kh7 56. Qe7+ Kg6 57. Qe6+ Kg7 58. Qg4+ Kf7 59. Qf4+ Kg7 60. Qc7+ Kf8
61. Qb8+ Kg7 62. Qc7+ Kf8 63. Ke4 Qh1+ 64. Kf5 Qh3+ 65. Kg5 Qg2+ 66. Kf6
Qf3+ 67. Ke6 Qg4+ 68. Kf6 Qf3+ 69. Kg5 Qg2+ 70. Kh4 Qe4+ 71. Kg3 Qe3+ 72.
Kg4 Qe2+ 73. Kh3 Qf1+ 74. Kg3 Qe1+ 75. Kf3 Qf1+ 76. Ke3 Qe1+ 77. Kd3 Qd1+
78. Kc3 Qe1+ 79. Kb3 Qb1+ 80. Ka3 Qa1+ 81. Kb4 Qb2+ 82. Ka4 b5+ 83. cxb5
Qd4+ 84. Ka5 Qxd5 85. Kb6 Qb3 86. Qd7 Qa4 87. Kb7 Qe4+ 88. Ka7 Qa4+ 89. Kb8
Qb4 90. Qb7 Ke8 91. b6 Qb5 92. Qc7 Qa5 93. b7 Qa6 94. Qc5 Kd7 95. Qd5+ Ke7
96. Kc7 Qa7 97. Qd6+ Ke8 98. Qe6+ Kf8 99. Qb6 Kf7 1-0

[Event "16th Open"]
[Site "Abu Dhabi UAE"]
[Date "2006.08.20"]
[Round "8"]
[White "Khader,S"]
[Black "Kengis,E"]
[Result "0-1"]
[WhiteElo "2384"]
[BlackElo "2539"]
[EventDate "2006.08.12"]

1. e4 c5 2. Nf3 d6 3. d4 Nf6 4. Nc3 cxd4 5. Nxd4 g6 6. Be3 Bg7 7. f3 a6 8.
Qd2 b5 9. g4 Bb7 10. O-O-O h5 11. Bd3 Nc6 12. gxh5 Rxh5 13. Nxc6 Bxc6 14.
Ne2 Qc7 15. Kb1 d5 16. Qc3 dxe4 17. fxe4 Rc8 18. Nf4 Re5 19. Bb6 Nxe4 20.
Qd4 Qd6 21. Rhe1 Nd2+ 22. Kc1 Rxe1 23. Qxd6 Rxd1+ 24. Kxd1 exd6 25. Kxd2
0-1

[Event "16th Open"]
[Site "Abu Dhabi UAE"]
[Date "2006.08.20"]
[Round "8"]
[White "Ibrahimov,R"]
[Black "Abbasov,F"]
[Result "0-1"]
[WhiteElo "2528"]
[BlackElo "2443"]
[EventDate "2006.08.12"]

1. Nf3 d5 2. d4 c6 3. c4 Nf6 4. Nc3 a6 5. c5 Nbd7 6. Bf4 Nh5 7. e3 Nxf4 8.
exf4 Qc7 9. g3 g6 10. Bd3 Bg7 11. O-O O-O 12. Re1 Re8 13. Qc2 Nf8 14. Re3
Bh3 15. Rae1 Ne6 16. Rxe6 Bxe6 17. Rxe6 fxe6 18. h4 Rf8 19. Kg2 Rf6 20. Qe2
Raf8 21. Qe3 Bh6 22. Ne5 Kg7 23. f3 Rxf4 24. gxf4 Bxf4 25. Qe1 Bxe5 26.
dxe5 Qa5 27. Qe3 Qb4 28. Ne2 Qxh4 29. Nd4 Kf7 30. f4 Ke8 31. Ne2 g5 32.
fxg5 Rg8 33. g6 hxg6 34. Qh3 Qg5+ 35. Qg3 Qd2 36. b4 Qxb4 37. Qh3 Kd7 38.
Qe3 Qg4+ 39. Kf1 Rf8+ 40. Ke1 Rf3 41. Qd2 Qh3 0-1

[Event "16th Open"]
[Site "Abu Dhabi UAE"]
[Date "2006.08.20"]
[Round "8"]
[White "Rausis,I"]
[Black "Lomineishvili,M"]
[Result "1/2-1/2"]
[WhiteElo "2510"]
[BlackElo "2380"]
[EventDate "2006.08.12"]

1. Nf3 Nf6 2. d4 e6 3. g3 d5 4. c4 Bb4+ 5. Bd2 Be7 6. Bg2 O-O 7. Qc2 c6 8.
O-O b6 9. Bf4 Ba6 10. b3 Nbd7 11. Rd1 Rc8 12. Nc3 Qe8 13. Nd2 Nh5 14. Be3
f5 15. f4 Nhf6 16. h3 1/2-1/2

[Event "16th Open"]
[Site "Abu Dhabi UAE"]
[Date "2006.08.20"]
[Round "8"]
[White "Magerramov,E"]
[Black "Lodhi,M"]
[Result "1/2-1/2"]
[WhiteElo "2530"]
[BlackElo "2360"]
[EventDate "2006.08.12"]

1. e4 e5 2. Nf3 Nc6 3. Bb5 a6 4. Ba4 Nf6 5. O-O Be7 6. Re1 b5 7. Bb3 d6 8.
c3 O-O 9. d4 Bb7 10. Nbd2 Re8 11. Nf1 Bf8 12. Ng3 h6 13. a4 Na5 14. Bc2 Nd7
15. Bd3 c6 16. b3 g6 17. Be3 Bg7 18. axb5 axb5 19. Rb1 Ba6 20. Bf1 Qc7 21.
Re2 c5 22. dxc5 dxc5 23. Ra2 c4 24. bxc4 Nxc4 25. Bxc4 bxc4 26. Nd2 Qc6 27.
Rba1 Bb5 28. h3 Rxa2 29. Rxa2 Ra8 30. Rxa8+ Qxa8 31. Nxc4 Bxc4 32. Qxd7
Qa1+ 33. Kh2 Qxc3 34. Qc8+ Kh7 35. Nf1 Qd3 36. Nd2 Be6 37. Qc6 Qd7 38. Qxd7
Bxd7 39. Bc5 Kg8 40. g4 f5 41. gxf5 gxf5 42. exf5 Bxf5 43. f3 Kf7 44. Kg3
Ke6 45. Be3 1/2-1/2

[Event "16th Open"]
[Site "Abu Dhabi UAE"]
[Date "2006.08.20"]
[Round "8"]
[White "Odeev,H"]
[Black "Ushenina,A"]
[Result "1/2-1/2"]
[WhiteElo "2492"]
[BlackElo "2410"]
[EventDate "2006.08.12"]

1. d4 Nf6 2. c4 g6 3. Nc3 d5 4. Bg5 Ne4 5. Bh4 Nxc3 6. bxc3 Bg7 7. e3 c5 8.
Qa4+ Nc6 9. Nf3 dxc4 10. Bxc4 cxd4 11. exd4 Qa5 12. Qb3 O-O 13. O-O Qh5 14.
Be2 e5 15. d5 e4 16. dxc6 exf3 17. Bxf3 Qxh4 18. cxb7 Rb8 19. bxc8=Q Rfxc8
20. Qd5 Rxc3 21. Rad1 Rc2 22. Qd6 Rbc8 23. Bd5 Qf6 24. Bb3 Qxd6 25. Rxd6
R2c7 26. Rfd1 Be5 27. R6d5 Re8 1/2-1/2

[Event "16th Open"]
[Site "Abu Dhabi UAE"]
[Date "2006.08.20"]
[Round "8"]
[White "Javakhishvili,L"]
[Black "Lalith,B"]
[Result "1-0"]
[WhiteElo "2418"]
[BlackElo "2297"]
[EventDate "2006.08.12"]

1. d4 Nf6 2. c4 e6 3. Nf3 b6 4. Nc3 Bb7 5. Bg5 Be7 6. e3 h6 7. Bh4 Ne4 8.
Nxe4 Bxe4 9. Bg3 Bb7 10. Rc1 O-O 11. Be2 d6 12. O-O c5 13. d5 e5 14. e4 Nd7
15. Ne1 Nf6 16. Bd3 Qc7 17. h3 Rae8 18. Nc2 Bc8 19. a3 Bd7 20. Ne3 Nh7 21.
b4 g6 22. Qc2 Bf6 23. Rb1 Bg7 24. Rbe1 Nf6 25. Be2 Kh7 26. Nd1 Ng8 27. Nc3
Rc8 28. b5 f5 29. f4 Rce8 30. Bd3 Qc8 31. Re2 Nf6 32. exf5 gxf5 33. fxe5
Nh5 34. Bh2 Bxe5 35. g4 Ng7 36. Bxe5 Rxe5 37. Ref2 Kh8 38. Ne2 Rg8 39. Nf4
Be8 40. Rg2 fxg4 41. hxg4 Rg5 42. Qe2 Re5 43. Qd2 Rf8 44. Bc2 Kg8 45. Qd3
Rf6 46. Qh7+ Kf7 47. Bg6+ 1-0